| 000 | 00722nam a2200253 a 4500 | ||
|---|---|---|---|
| 008 | |||
| 020 | _a0070391610 (cased) | ||
| 049 | _aMAIN | ||
| 090 | _aHD58.7 | ||
| 100 | 1 | _aLuthans, Fred. | |
| 245 | 1 | 0 |
_aOrganizational behavior / _cFred Luthans. |
| 250 | _a5th ed. | ||
| 260 |
_aNew York : _bMcGraw-Hill, _cc1989. |
||
| 300 |
_axxiii, 637 p. : _bill. ; _c24 cm. |
||
| 440 | _aMcGraw-Hill series in management. | ||
| 504 | _aIncludes bibliographical references. | ||
| 500 | _aIncludes index. | ||
| 650 | 0 | _aOrganizational behavior. | |
| 907 |
_a.b10081860 _b12-01-07 _c12-07-03 |
||
| 003 | |||
| 005 | 20230123133331.0 | ||
| 040 | _cNUST | ||
| 942 |
_cBOOKS _kHD58.7 |
||
| 999 |
_c146786 _d146786 |
||